|
|
|
|
| LEADER |
01054nam a2200277 u 4500 |
| 001 |
10111322 |
| 003 |
upatras |
| 005 |
20221024105219.0 |
| 008 |
140116s1965 uk eng |
| 040 |
|
|
|a GR-PaULI
|c GR-PaULI
|
| 041 |
0 |
|
|a eng
|
| 082 |
0 |
4 |
|a 371.3
|
| 100 |
1 |
|
|a Peel, E. A.,
|q (Edwin Arthur)
|4 aut
|9 135476
|
| 245 |
1 |
0 |
|a The pupil's thinking
|c E. A. Peel
|
| 260 |
|
|
|a London
|b Oldbourne
|c 1965
|
| 300 |
|
|
|a 200 p.
|b ill.
|c 21 cm.
|
| 490 |
0 |
|
|a Modern education library
|
| 504 |
|
|
|a Includes bibliographical references
|
| 650 |
|
4 |
|a Δημιουργική σκέψη
|x Σπουδή και διδασκαλία
|9 101398
|
| 650 |
|
4 |
|a Δημιουργική σκέψη
|9 39729
|
| 760 |
0 |
|
|a Modern education library
|
| 852 |
|
|
|a GR-PaULI
|b ΠΑΤΡΑ
|b ΠΤΔΕ
|b ΓΕΡ
|k ΑΣΧΞ
|h 371.3 PEE
|m 10093
|p 025000141085
|t 1
|
| 942 |
|
|
|2 ddc
|c BK15
|
| 952 |
|
|
|0 0
|1 0
|4 0
|6 371_300000000000000_PEE
|7 0
|9 160662
|a PTDE
|b PTDE
|d 2016-04-24
|i 10093
|l 0
|o 371.3 PEE
|p 025000141085
|r 2016-04-24 00:00:00
|t 1
|w 2016-04-24
|y BK15
|
| 998 |
|
|
|c ΤΣΕΝΕ
|d 2014-01
|
| 999 |
|
|
|c 101195
|d 101195
|